Az ó Testamentomi ekklésiának históriája, ... negyedik kötet

Bibliographic Details
Main Author: Majzonnet, Lajos (Author)
Format: Book
Language:English
PhysicalDescription:687 s.
Published: Komáromban Wéber Simon Péter 1791

MARC

LEADER 00000nam a2200000 a 4500
001 vtls008701923
003 SK-MaSNL
005 20260301205526.0
008 240318 000 0 eng
040 |a SNK  |b slo  |c SNK  |e AACR2 
100 1 |a Majzonnet, Lajos  |4 aut  |9 591754 
245 1 3 |a Az ó Testamentomi ekklésiának históriája, ...  |n negyedik kötet 
260 |a Komáromban  |b Wéber Simon Péter  |c 1791 
300 |a 687 s. 
999 |c 910458  |d 912388 
952 |a SNK  |b SNK  |y PREZ  |7 0  |p 17X08701923001  |o snkSD 13717/4  |i snkF 1472/65  |3 rekatalogizácia  |0 0  |1 0  |4 0  |d 2006-05-18  |l 0  |r 2026-02-24 07:41:47  |w 2026-02-24